00257nam a22001097a 4500020001500000040000900015082001300024100002500037245002300062260003900085650002300124 a9690018493 cNUST a158bSEY aFaiez Hassan (Seyal) a Shahrah E Kamyabi aPakistan:bSaeed Book Bank,c2004. 2 Shahrah E Kamyabi